| 000 | 01051cad a22002055a 4500 | ||
|---|---|---|---|
| 001 | E151039 | ||
| 008 | 100927s2010 xxk f s000 0 eng d | ||
| 020 | _a9780755995493 | ||
| 035 | _a(Sirsi) u151039 | ||
| 041 | 0 | _aeng | |
| 110 | 2 |
_aScotland _bScottish Government _95344 |
|
| 245 | 0 | 0 |
_aConsultation on the Scottish Government proposals to amend the Agricultural Holdings Acts 1991 and 2003 _h[electronic resource] |
| 260 |
_aEdinburgh _bScottish Government _c2010 |
||
| 520 | _aSeeks views on proposed changes to the Agricultural Holdings (Scotland) Acts of 1991 and 2003 which will remove or reduce burdens relating to the letting of land, and remove ambiguity from the legislation in order to reduce the potential for dispute. Deadline for comments is 8 December 2010. | ||
| 590 | _aKA | ||
| 651 | 4 |
_aScotland _y1999- |
|
| 690 | _aENVIRONMENTAL AND LAND CONSULTANCY-AGRIBUSINESS-AGRICULTURE | ||
| 856 | 4 | 0 |
_uhttps://www.scotland.gov.uk/Publications/2010/09/23140726/0 _zView the consultation free of charge at www.scotland.gov.uk |
| 942 | _n0 | ||
| 999 |
_c111106 _d111106 |
||